Central Library OPAC University of Rajshahi

Digital image processing : (Record no. 38409)

MARC details
000 -LEADER
fixed length control field 00823cam a22002414a 4500
001 - CONTROL NUMBER
control field 38409
003 - CONTROL NUMBER IDENTIFIER
rucl marc code (BD-RjUL)
005 - DATE AND TIME OF LATEST TRANSACTION
control field 20211209052806.0
008 - FIXED-LENGTH DATA ELEMENTS--GENERAL INFORMATION
fixed length control field 000819s2000 enka b 001 0 eng
020 ## - INTERNATIONAL STANDARD BOOK NUMBER
International Standard Book Number 9788178080741
International Standard Book Number 8178080745
035 ## - SYSTEM CONTROL NUMBER
System control number (BD-RjUL)
040 ## - CATALOGING SOURCE
Original cataloging agency DLC
Transcribing agency (BD-RjUL)
Modifying agency DLC
082 00 - DEWEY DECIMAL CLASSIFICATION NUMBER
Classification number 621.3670285
Edition number 21
Author mark and year EFD 2000
100 1# - MAIN ENTRY--PERSONAL NAME
Personal name Efford, Nick.
9 (RLIN) 118646
245 10 - TITLE STATEMENT
Title Digital image processing :
Remainder of title a practical introduction using Java /
Statement of responsibility, etc. Nick Efford.
260 ## - PUBLICATION, DISTRIBUTION, ETC. (IMPRINT)
Place of publication, distribution, etc. Harrow, England ;
-- New York :
Name of publisher, distributor, etc. Pearson Education,
Date of publication, distribution, etc. c2000.
300 ## - PHYSICAL DESCRIPTION
Pagination xxiii, 340 p. :
Illustrations ill. (some col.) ;
Size 24 cm. +
Accompanying material 1 computer optical disc (4 3/4 in.)
504 ## - BIBLIOGRAPHY, ETC. NOTE
Bibliography, etc Includes bibliographical references and index.
650 #0 - SUBJECT ADDED ENTRY--TOPICAL TERM
Topical term or geographic name as entry element Image processing
General subdivision Digital techniques.
9 (RLIN) 118647
942 ## - ADDED ENTRY ELEMENTS (KOHA)
Source of classification or shelving scheme Dewey Decimal Classification
Koha item type Books
Holdings
Lost status Source of classification or shelving scheme Damaged status Not for loan Permanent Location Current Location Shelving location Date acquired Total Checkouts Full call number Date last seen Copy number Koha item type
  Dewey Decimal Classification   Not For Loan Department of Information and Communication Engineering (ICE) Library Department of Information and Communication Engineering (ICE) Library Seminar Library 25/11/2015   621.3670285 EFD 2000 25/11/2015 C.1 Books